KOHA-Header-6

Business Statistics (Record no. 5807)

000 -LEADER
fixed length control field 00224nam a22001097a 4500
082 ## - DEWEY DECIMAL CLASSIFICATION NUMBER
Classification number HC101
100 ## - MAIN ENTRY--AUTHOR NAME
Personal name Shahid Jamal
245 ## - TITLE STATEMENT
Title Business Statistics
260 ## - PUBLICATION, DISTRIBUTION, ETC. (IMPRINT)
Place of publication Karachi
Name of publisher Royal Book
Year of publication 2001
300 ## - PHYSICAL DESCRIPTION
Number of Pages 364
942 ## - ADDED ENTRY ELEMENTS (KOHA)
Koha item type Books
Holdings
Withdrawn status Lost status Collection code Permanent Location Current Location Shelving location Date acquired Full call number Accession Number Koha item type
    Statistics MAJU MAJU Shelf No.A27 2019-09-04 HC101 4135 Statistics

Powered by Koha